Historia social de la educación en ciencias en Colombia. Segunda mitad del siglo XX. Memoria de investigación.

Shranjeno v:
Bibliografske podrobnosti
Glavni avtor: Gallego Badillo, Rómulo et al, (autor)
Format: Knjiga
Jezik:španščina
Teme:
Oznake: Označite
Brez oznak, prvi označite!

MARC

LEADER 00000nam^a2200000^u^4500
001 000518189
005 20250521000000.0
008 110704s1000^^^^^^^^^^^^r^^^^^000^0^spa^d
009 20260310130413.242
022 |a 9789588650043 
035 |a FCE 000062420 
037 |a Acervo ITESO - Biblioteca 
041 |a spa 
082 0 4 |a 370.109861  |b GALh 
100 |a Gallego Badillo, Rómulo  |e et al  |e (autor) 
245 1 0 |a Historia social de la educación en ciencias en Colombia.  |b Segunda mitad del siglo XX. Memoria de investigación. 
264 |a Colombia:  |b UPN,  |c 2010. 
300 |a 160 p. 
336 |a texto  |b txt  |2 rdacontenido 
337 |a sin mediación  |b n  |2 rdamedio 
338 |a volumen  |b nc  |2 rdasoporte 
649 |a XX 
650 |a Historia de la educación 
650 |a Programas y proyectos 
650 |a Estudio sistemático 
650 |a Planes de estudios 
650 |a Fundamentos didácticos 
650 |a Fundamentos histórico-epistemológicos 
650 |a Fundamentos pedagógicos 
910 |a Fondo Centro de Estudios Educativos 
920 |a Impresos - Libros 
930 |a Fondos Especiales 
905 |a 133 
901 |a ALE071002  |b IT2  |c CEE  |u 20250521 
902 |a https://opac.biblio.iteso.mx/vufind/Record/000518189